000 00435nam a2200181Ia 4500
001 23717
005 20260414150955.0
008 260414t2017||||xx |||||||||||||| ||spa||
041 _aESP
082 _a693.852
_bCH525
100 _aCharleson, Andrew
_eAUT
245 0 _aSeismic isolation for architects
_b
260 _c2017
300 _aix, 194 páginas :
_c25 cm.
650 _a0
654 _aCIC
942 _cLIB
_dJUS
_fJUS
_2ddc
_n
999 _c23717
_d23717